The emotional problems of childhood : (Record no. 29328)
[ view plain ]
| 000 -LEADER | |
|---|---|
| fixed length control field | 00781nam a2200241 a 4500 |
| 001 - CONTROL NUMBER | |
| control field | 29328 |
| 003 - CONTROL NUMBER IDENTIFIER | |
| rucl marc code | BD-RjUL |
| 005 - DATE AND TIME OF LATEST TRANSACTION | |
| control field | 20211209051411.0 |
| 008 - FIXED-LENGTH DATA ELEMENTS--GENERAL INFORMATION | |
| fixed length control field | 140403s1951 enk b 001 0 eng d |
| 035 ## - SYSTEM CONTROL NUMBER | |
| System control number | (BD-RjUL)29413 |
| 040 ## - CATALOGING SOURCE | |
| Original cataloging agency | ANL |
| Language of cataloging | eng |
| Transcribing agency | ANL |
| Modifying agency | ABN:1 |
| -- | BD-RjUL |
| 041 ## - LANGUAGE CODE | |
| Language code of text/sound track or separate title | eng |
| 082 14 - DEWEY DECIMAL CLASSIFICATION NUMBER | |
| Classification number | 155.412 |
| Edition number | 19 |
| Author mark and year | BEE 1951 |
| 100 1# - MAIN ENTRY--PERSONAL NAME | |
| Personal name | Benjamin, Zoe, |
| Dates associated with a name | 1882-1962. |
| 9 (RLIN) | 89465 |
| 245 14 - TITLE STATEMENT | |
| Title | The emotional problems of childhood : |
| Remainder of title | a book for parents and teachers / |
| Statement of responsibility, etc. | Zoe Benjamin, with a foreword by H. Tasman Lovell. |
| 260 ## - PUBLICATION, DISTRIBUTION, ETC. (IMPRINT) | |
| Place of publication, distribution, etc. | London : |
| Name of publisher, distributor, etc. | University of London Press, |
| Date of publication, distribution, etc. | 1951. |
| 300 ## - PHYSICAL DESCRIPTION | |
| Pagination | xi, 178 p. ; |
| Size | 19 cm. |
| 504 ## - BIBLIOGRAPHY, ETC. NOTE | |
| Bibliography, etc | Bibliography: p. 175-176. |
| Bibliography, etc | Includes index. |
| 650 #0 - SUBJECT ADDED ENTRY--TOPICAL TERM | |
| Topical term or geographic name as entry element | Emotions in children. |
| 9 (RLIN) | 139 |
| Topical term or geographic name as entry element | Child development. |
| 9 (RLIN) | 5451 |
| 942 ## - ADDED ENTRY ELEMENTS (KOHA) | |
| Source of classification or shelving scheme | Dewey Decimal Classification |
| Koha item type | Books |
| Lost status | Source of classification or shelving scheme | Damaged status | Not for loan | Collection code | Permanent Location | Current Location | Shelving location | Date acquired | Source of acquisition | Cost, normal purchase price | Total Checkouts | Full call number | Date last seen | Copy number | Koha item type |
|---|---|---|---|---|---|---|---|---|---|---|---|---|---|---|---|
| Dewey Decimal Classification | Non-fiction | Central Library, University of Rajshahi | Central Library, University of Rajshahi | 21/05/1955 | Pok co-op book society | 3.12 | 155.412 BEE 1951 | 03/04/2014 | C-2 | Books | |||||
| Dewey Decimal Classification | Not For Loan | Non-fiction | Central Library, University of Rajshahi | Central Library, University of Rajshahi | Reading Room | 15/03/1955 | U.B.D. Rajshahi | 4.12 | 155.412 BEE 1951 | 20/04/2014 | C-1 | Books |